000 00781nam a22002177a 4500
999 _c7838
_d7838
001 21326
003 BD-DhUAP
005 20220105155725.0
008 211115b2020 bg ||||| b||| 001 0 ben d
020 _a9789848179000
040 _aBD-DhUAP
_bBD-DhUAP
_cban
_dBD-DhUAP
_eBD-DhUAP
082 _223
_a954.9205092 MAW
100 _aমাওলা, আহমেদ ।
245 _aবঙ্গবন্ধুর ছেলেবেলা /
_cআহমেদ মাওলা ।
250 _aপ্রথম প্রকাশ
260 _aঢাকা :
_bতাম্রলিপি,
_c2020 ।
300 _a৭১ পৃষ্ঠা :
_bচিত্র ;
_c২১ সে.মি. ।
600 _aMujibur Rahman, Sheikh,
_d(1920-1975)
650 _aBangladesh.
942 _2ddc
_cBK